MDQL
is popping MORE tags! Check the
thread
!
Quizzes
Events
Quiz Creation
Community
Videos
Private Events
Remove Ads
Sign In
Join for FREE
Feedback
Dark Mode
Quiz Categories
Sports
Geography
Music
Movies
Television
Just For Fun
Miscellaneous
History
Literature
Language
Science
Gaming
Entertainment
Religion
Holiday
For Kids
Quiz Lab
Recent
Popular Today
Quiz Kudos Today
Editor Picks
Curator Picks
Quizzes by...
Day
Popularity
Type
Ratings
Length
Year
Community
Subscriptions
Recent Discussions
Orange Saloon
Badges
Playlists
Quests
Create
Leaderboards
Showdown
Live 5
Trivia Bingo
Activity
Puzzle Library
Sporcle Events
Private Events
Virtual Trivia
Globe League
Become a Host
Pub Owners
SporcleCon
Opinionation
Our Games
Videos
Blog
Mobile Apps
Partnerships
Remove Ads and Go Orange
Feedback
Sports
Athletes
MLB
NBA
NHL
NFL
Soccer
Sports Teams
WWE
NCAA
Football
Premier League
Basketball
Baseball
Hockey
Golf
Tennis
Cricket
Rugby
Auto Racing
Olympics
World Cup
Sports
Athletes
MLB
NBA
NHL
NFL
Soccer
Sports Teams
WWE
NCAA
Football
Premier League
Basketball
Baseball
Hockey
Golf
Tennis
Cricket
Rugby
Auto Racing
Olympics
World Cup
Random Quiz
Search Sporcle
×
Quiz Lab
Quiz Lab
Sports
NHL
Type in answers that appear in a list
Type in answers that appear in a list
Classic
Best Score? Go Orange.
Top American NHL Scorers Stats
Can you name the highest scoring American-born NHL players?
By
kmad
10m
30 Questions
1,487 Plays
1,487 Plays
1,487 Plays
Comments
Comments
Give Quiz Kudos
Give Quiz Kudos
-
- Ratings
hide this ad
More Info
Replay
Link that replays current quiz
Next Quiz
Link to next quiz in quiz playlist
You Got
0%
They Got
Avg Score
41%
Avg Friend Score
Upgrade to see
Score Distribution
Jump to the score distribution portion of the page
Score
0/30
Timer
10:00
0
Plays Today
Career
Player
% Correct
1988-
2011
Mike Modano
94.6%
2007-
Patrick Kane
89.6%
1988-
2009
Jeremy Roenick
77%
1991-
2010
Keith Tkachuk
69.9%
1987-
2006
Brian Leetch
68.8%
1983-
2010
Chris Chelios
67.2%
1982-
2003
Phil Housley
62.2%
2006-
Phil Kessel
61.7%
2006-
Joe Pavelski
61.7%
1979-
1997
Joe Mullen
59.6%
1983-
1998
Pat LaFontaine
55.8%
2005-
Zach Parise
54.2%
1990-
2011
Doug Weight
53.6%
1990-
2007
Tony Amonte
50.9%
1991-
2010
Bill Guerin
50.7%
Career
Player
% Correct
1990-
2007
John LeClair
47%
1999-
2016
Scott Gomez
41.7%
1985-
2002
Gary Suter
41.1%
1980-
1997
Neal Broten
41%
2008-
Blake Wheeler
38.3%
2006-
Paul Stastny
32.8%
1997-
2019
Matt Cullen
26.2%
1994-
2012
Brian Rolston
24.6%
1979-
1995
Mark Howe
20.6%
1987-
1999
Craig Janney
20.5%
1987-
2006
Scott Young
19.2%
1981-
2003
Bobby Carpenter
19%
1987-
2010
Mathieu Schneider
17.4%
1979-
1994
Dave Christian
15.7%
1984-
2000
Ed Olczyk
15.1%
Quiz Playlist
Details
Report
Send in Message
Add To Playlist
More Info:
This doesn't include Canadian-born players who later played for Team USA (eg. Brett Hull). * indicates active player. Updated 5/12/2023
Classic:
Type in answers that appear in a list
Last Updated: May 12, 2023
Quiz Scoreboard
CHALLENGE
Sign Up to Join the Scoreboard
Show All
Scores
Hide
Comments
May contain spoilers
Recently Published
Two Season TV Shows II
by 123Four
Television
10m
Image Sorting: Flags VI
by Barbecue
Geography
2m
Find the 'City' Movie
by crazypaving
Movies
60s
More to Explore
Quiz From the Vault
Featured Blog Post
14 Easter Pick-up Lines to Find Eggs With
hide this ad
You Might Also Like...
Tags
NHL Quiz
America
Career
highest
Player
point
Scorer
Scoring
Today's Top Quizzes in Sports
Browse Sports
hide this ad
Today's Top Quizzes in NHL
Browse NHL
Top Contributed Quizzes in Sports
1
Les meilleurs buteurs des matchs entre le PSG et l’OM
2
Les entraîneurs de l'OM et du PSG au 21e siècle
3
2022 World Cup Stars
4
Les joueurs passés par le PSG et l'OM
5
Players with Multiple 50 Home Run Seasons
6
Criteria MLB: Left Handed Sluggers
7
FIFA Club World Cup Champions
8
Les joueurs passés par le LOSC et le RC Lens
9
NBA Logic Puzzle 2.0
10
Top 10 NHL Goal Scorers of All Time
Explore More
Trending Topics
Harry Potter
NBA
Kpop
Disney
Marvel
Anime
Crossword
Song
Soccer
NFL
Puzzle
Pokémon
WWE
The Office
Country
hide this ad
More By:
kmad
Quiz
Plays
Rating
Category
Featured
Created
NHL Top 200 Goal Scorers (Career)
185,090
4.60
Sports
Jan 3, 2010
NHL 60 Goals In a Season
69,355
4.67
Sports
Oct 16, 2009
40 Goal NHL Seasons, 00s-10s
68,093
4.59
Sports
Oct 5, 2010
NHL Hart Trophy Votes, '00s & '10s
49,672
4.45
Sports
Nov 22, 2009
NHL Most Points per Position/Team
28,107
4.45
Sports
Dec 23, 2011
Go to Creator's Profile
Score Distribution
Quiz Creator Spotlight
kmad
Follow
Send a Message
Quizzes Created
-
Created Quiz Play Count
-
More By This Creator
Popular Quizzes Today
1
Find the US States - No Outlines Minefield
2
Colored Red Africa Blitz
3
Find the 'City' Movie
4
5x2 Blitz: Bands
5
The Countries of the World
6
Find the Countries of Europe - No Outlines Minefield
7
Find the US States
8
US States
More Sports Quizzes
Anyone but Christian Eriksen
Quiz Lab
Trending Quizzes
Colored Red Europe Blitz I
Colored Red Africa Blitz II
Colored Red Europe Blitz II
Colored Red Africa Blitz III
Colored Red Europe Blitz III
Recently Updated
How Do You Spell That?
pecheneg
Godzilla Movies
pecheneg
Grab Bag: 4-10 Letters
pecheneg
2024 March Madness Bracket
pecheneg
Famous TV Couples
Peacemaker
Champions League XIs: Real Madrid
pecheneg
Largest US Cities 1790-2010
pecheneg
Rides in Walt Disney World
pecheneg
Most Oscar Losses (Acting)
pecheneg
Beyoncé Albums
pecheneg
Trending Topics
Kpop
Anime
Harry Potter
NBA
Crossword
Marvel
Disney
Pokémon
Song
NFL
The Office
WWE
Puzzle
Soccer
Country
Your Account Isn't Verified!
In order to create a playlist on Sporcle, you need to verify the email address you used during registration. Go to your
Sporcle Settings
to finish the process.
Report this User
Report this user for behavior that violates our
Community Guidelines
.
Details:
Send Report
Go to the Sporcle.com Mobile Site →
Comments